000 00546nam a22001937a 4500
003 SISC
005 20160322091925.0
008 130902t xxu||||| |||| 00| 0 eng d
020 _a13939009
050 _aLA 229
_b.Un58 1969
082 _aHS 371.81
_bW37 1969
245 _aThe university and revolution /
260 _aEnglewood Cliffs,N.J :
_bPrentice-Hall,
_cc1969.
300 _a180 p. :
_c21 cm.
600 _aWeaver, James H.
_916166
650 _aCollege students
_xPolitical activity.
_916167
942 _2lcc
_cBK
999 _c10174
_d10174